Otázka demokracie
Salvato in:
| Autore principale: | |
|---|---|
| Natura: | Libro |
| Lingua: | ceco |
| Pubblicazione: |
Brno
Centrum pro studium demokracie a kultury (CDK)
2017
|
| Edizione: | 1. vydání |
| Soggetti: | |
| Tags: |
Nessun Tag, puoi essere il primo ad aggiungerne!!
|
MARC
| LEADER | 00000nam a2200000 4500 | ||
|---|---|---|---|
| 001 | 0259081 | ||
| 005 | 20240221113051.9 | ||
| 020 | |a 978-80-7325-431-5 | ||
| 020 | |a 978-80-7325-432-2 | ||
| 041 | 0 | |a cze | |
| 044 | |a CZ | ||
| 245 | 1 | 0 | |a Otázka demokracie |c Vladimír Čermák |
| 250 | |a 1. vydání | ||
| 264 | 1 | |a Brno |b Centrum pro studium demokracie a kultury (CDK) |c 2017 | |
| 300 | |a 578 s. | ||
| 610 | 2 | 0 | |a demokracia |
| 610 | 2 | 0 | |a politika |
| 610 | 2 | 0 | |a hodnota |
| 610 | 2 | 0 | |a normy |
| 610 | 2 | 0 | |a inštitúcia |
| 610 | 2 | 0 | |a dynamika systémov |
| 610 | 2 | 0 | |a konflikty |
| 610 | 2 | 0 | |a moc politická |
| 610 | 2 | 0 | |a história |
| 610 | 2 | 0 | |a vývoj sociálny |
| 100 | 1 | |a Čermák, Vladimír | |